000 00296nam a22001337a 4500
008 170221b xxu||||| |||| 00| 0 eng d
020 _a9780716726197
041 _aeng
080 _27TH
_a615
100 _a5
101 _aSHF
245 _aA PRIMER OF DRUG ACTION
_cJULIEN, R.M
942 _2udc
_cBK
999 _c5912
_d5912